| 000 | 00706nam a2200241Ia 4500 | ||
|---|---|---|---|
| 005 | 20260121112903.0 | ||
| 008 | 9586 260114s9999 xx 000 0 eng d | ||
| 020 | _a9789814527057 | ||
| 037 | _aEBOOK | ||
| 040 |
_aCRL _beng _cCRL |
||
| 041 |
_aeng _2eng |
||
| 084 | _qCRL | ||
| 100 |
_aSeto Richard _9964795 |
||
| 245 | 0 | _aHeavy Ion Physics from Bevalac to Rhic - Proceedings of the Relativistic Heavy Ion Symposium, Aps Centennial Meeting '99 | |
| 260 | _bWorld Scientific | ||
| 260 | _bWSPC | ||
| 260 | _c1999 | ||
| 650 |
_aPhysics _9964796 |
||
| 856 | _uhttps://www.worldscientific.com/worldscibooks/10.1142/4232#t=toc | ||
| 942 | _cEBOOK | ||
| 999 |
_c1546886 _d1546886 |
||